Los métodos histórico-críticos en el Nuevo Testamento / Heinrich Zimmermann

Guardado en:
Detalles Bibliográficos
Autor principal: Zimmermann, Heinrich (autor)
Formato: Libro
Colección:BAC ; 295
Temas:
Etiquetas: Agrega una etiqueta
Sin etiquetas, Sé el primero en etiquetar este registro!

MARC

LEADER 00000nam^a2200000^u^4500
001 000550786
005 20250521000000.0
008 060220s1000^^^^^^^^^^^^r^^^^^000^0^spa^d
009 20260310131541.638
035 |a FMI 000020566 
037 |a Acervo Xavier Clavigero 
096 |a 2.1/26/B 
100 |a Zimmermann, Heinrich  |e (autor) 
245 1 4 |a Los métodos histórico-críticos en el Nuevo Testamento / Heinrich Zimmermann 
264 |a Madrid : Biblioteca de Autores Cristianos, 1969 
300 |a 305 p. 
336 |a texto  |b txt  |2 rdacontenido 
337 |a sin mediación  |b n  |2 rdamedio 
338 |a volumen  |b nc  |2 rdasoporte 
440 0 |a BAC ; 295 
649 |a XX 
650 |a Lenguaje Bíblico 
910 |a Fondo Francisco Migoya Covarrubias S.J. 
920 |a Impresos - Libros 
930 |a Fondos Especiales 
905 |a 134 
901 |a SBC06206  |b IT2  |c ESP  |u 20250521 
902 |a https://opac.biblio.iteso.mx/vufind/Record/000550786